000 00363nam a22001577a 4500
003 MPLRDC
005 20220104143236.0
008 210129b ||||| |||| 00| 0 eng d
082 _a848.1 LX-6 c.3*
100 _a鲁迅著
245 _a狂人日记
_c
260 _a
_b世界书局有限公司
_c
300 _b
650 _a
942 _cBK
_o848.1 LX-6 c.3*
999 _c37997
_d37987